Du plus petit au plus grand - Statistiques

Statistiques générales
  • Ce quiz a été pris 1 227 fois
  • Le résultat moyen est 7 sur 15
Statistiques - réponses
Hint Réponse % Correct
1 8 secondes
97%
2 6 minutes
83%
3 1/2 heure
65%
4 3000 secondes
64%
5 3 jours
64%
7 2 semaines
44%
9 3 trimestres
40%
10 une année
40%
8 un semestre
38%
11 4 décennies
27%
15 600000 jours
22%
14 1400 années
21%
13 12 siècles
20%
6 une décade
14%
12 un millénaire
12%
Aucun quiz correspondant
Distribution des résultats
% des personnes avec chaque résultat
Percentile par nombre de réponses
Votre historique - résultats
Vous n’avez pas pris ce quiz